Basic Electrical Engineering_4th Edition (Record no. 38048)

MARC details
000 -LEADER
fixed length control field 01824nam a22001817a 4500
020 ## - INTERNATIONAL STANDARD BOOK NUMBER
ISBN 978-9353165727
082 ## - DEWEY DECIMAL CLASSIFICATION NUMBER
Classification number 621.3 KOT
100 ## - MAIN ENTRY--AUTHOR NAME
Personal name Kothari D P
100 ## - MAIN ENTRY--AUTHOR NAME
Personal name Nagrath I P
245 ## - TITLE STATEMENT
Title Basic Electrical Engineering_4th Edition
250 ## - EDITION STATEMENT
Edition statement 4
260 ## - PUBLICATION, DISTRIBUTION, ETC. (IMPRINT)
Name of publisher Mc Graw Hill
Place of publication New Delhi
Year of publication 2025
520 ## - SUMMARY, ETC.
Summary, etc Basic Electrical Engineering is a core course for the first-year students of all engineering disciplines across the country. This course enables them to apply the basic concepts of Electrical engineering for multi-disciplinary tasks, and also lays the foundation for higher level courses in electrical and electronics engineering degrees.An established hallmark, this revised edition of the book continues to dwell on all the key concepts and applications in the field and covers the subject in its entirety. Curated with great care, it provides an unmatched exposure to fundamentals of Electricity, Network theory, Electric machines, and Measuring instruments. Rich pool of problems and appendices enhance the utility of the book and make it a lasting resource for students as well as instructors.Highlights:1. Complete coverage of latest AICTE curriculum2. New chapters on • Renewable Energy Sources • Semiconductor devices and their applications • DC-DC converters and Inverters • Digital Electronics and Communication Engineering3. New appendices on • Electrical Safety • Applications of Electrical motors • Components of cells and battery • Switch Mode Power Supply (SMPS) and Uninterruptible Power Supply (UPS)4. Supports outcome-based learning approach5. Excellent pedagogical features • 447 Solved examples • 304 Review questions • 225 Exercise problems • 106 Objective type questions
650 ## - SUBJECT ADDED ENTRY--TOPICAL TERM
Topical Term EEE
942 ## - ADDED ENTRY ELEMENTS (KOHA)
Koha item type Text Book
952 ## - LOCATION AND ITEM INFORMATION (KOHA)
Damaged status
Not for loan
952 ## - LOCATION AND ITEM INFORMATION (KOHA)
Damaged status
Not for loan
952 ## - LOCATION AND ITEM INFORMATION (KOHA)
Damaged status
Not for loan
Holdings
Withdrawn status Collection code Permanent Location Current Location Shelving location Date acquired Source of acquisition Cost, normal purchase price Inventory number Full call number Accession Number Price effective from Koha item type
  Electrical and Electronics Engineering VAST Central Library VAST Central Library S-42/EE 14/11/2025 Minerva Books 850.00 86 621.3 KOT 38156 01/12/2025 Text Book
  Electrical and Electronics Engineering VAST Central Library VAST Central Library S-42/EE 14/11/2025 Minerva Books 850.00 86 621.3 KOT 38157 01/12/2025 Text Book
  Electrical and Electronics Engineering VAST Central Library VAST Central Library S-42/EE 14/11/2025 Minerva Books 850.00 86 621.3 KOT 38158 01/12/2025 Text Book